[Event "2. Magistral Gráfica Yael-Torre Blanca"]
[Site "Buenos Aires ARG"]
[Date "2011.07.23"]
[Round "1.1"]
[White "Rodriguez Vila, Andres"]
[Black "Tristan, Leonardo"]
[Result "0-1"]
[WhiteElo "2507"]
[BlackElo "2450"]
[PlyCount "92"]
[EventDate "2011.07.23"]
[EventType "tourn"]
[EventRounds "1"]
[EventCountry "ARG"]
[EventCategory "8"]
[Source "lmi"]
[SourceDate "2011.07.24"]

1. e4 d6 2. d4 Nf6 3. Nc3 g6 4. h3 Bg7 5. g4 O-O 6. Bg2 c6 7. Be3 e5 8. Nge2
Re8 9. O-O exd4 10. Nxd4 Na6 11. Nde2 Be6 12. Nf4 Bc4 13. Re1 Nc5 14. Bd4 Qe7
15. Qd2 Rad8 16. Rad1 h6 17. Qc1 Nfd7 18. b3 Ba6 19. Bxg7 Kxg7 20. b4 Ne6 21.
Ncd5 cxd5 22. exd5 Ne5 23. dxe6 fxe6 24. c4 Bxc4 25. Nxg6 Nxg6 26. Qxc4 e5 27.
Be4 Nf4 28. Re3 Rd7 29. Bf5 Rc7 30. Qb3 Qf6 31. Qa4 Ree7 32. Qxa7 d5 33. Rf3
Rc3 34. Rxc3 Ne2+ 35. Kg2 Nxc3 36. Re1 b6 37. Qa8 Qd6 38. a3 e4 39. Qc8 d4 40.
Rc1 Rc7 41. Qe8 d3 42. g5 d2 43. gxh6+ Kxh6 44. Qh8+ Kg5 45. Bg4 dxc1=Q 46. h4+
Kxg4 0-1

[Event "2. Magistral Gráfica Yael-Torre Blanca"]
[Site "Buenos Aires ARG"]
[Date "2011.07.23"]
[Round "1.3"]
[White "Labollita, Martin"]
[Black "Real De Azua, Ernesto"]
[Result "1/2-1/2"]
[WhiteElo "2407"]
[BlackElo "2438"]
[PlyCount "62"]
[EventDate "2011.07.23"]
[EventType "tourn"]
[EventRounds "1"]
[EventCountry "ARG"]
[EventCategory "8"]
[Source "lmi"]
[SourceDate "2011.07.24"]

1. e4 c5 2. Nf3 d6 3. c3 Nf6 4. h3 Nc6 5. Bd3 d5 6. e5 c4 7. Bc2 Nd7 8. Qe2 Nc5
9. b4 Ne6 10. d4 cxd3 11. Bxd3 g6 12. O-O Bg7 13. b5 Na5 14. Nd4 Nc4 15. f4 Qb6
16. Be3 Nxe3 17. Qxe3 O-O 18. Nd2 f6 19. N2b3 Bd7 20. Kh1 fxe5 21. fxe5 Rac8
22. Rxf8+ Rxf8 23. Rf1 Rxf1+ 24. Bxf1 Nxd4 25. Nxd4 Qc5 26. h4 e6 27. Be2 Qf8
28. Bg4 Bh6 29. Qe1 Qf7 30. g3 Kf8 31. Kg2 Kg8 1/2-1/2

[Event "2. Magistral Gráfica Yael-Torre Blanca"]
[Site "Buenos Aires ARG"]
[Date "2011.07.23"]
[Round "1.4"]
[White "Sorin, Ariel"]
[Black "Mayorga, Nicolas"]
[Result "1/2-1/2"]
[WhiteElo "2465"]
[BlackElo "2330"]
[PlyCount "99"]
[EventDate "2011.07.23"]
[EventType "tourn"]
[EventRounds "1"]
[EventCountry "ARG"]
[EventCategory "8"]
[Source "lmi"]
[SourceDate "2011.07.24"]

1. d4 Nf6 2. c4 e6 3. Nf3 c5 4. d5 exd5 5. cxd5 g6 6. Nc3 d6 7. e4 Bg7 8. Bf4
O-O 9. Be2 a6 10. a4 Bg4 11. h3 Bxf3 12. Bxf3 Re8 13. O-O Qe7 14. Qb3 Nbd7 15.
Qxb7 Reb8 16. Qc6 Ne8 17. a5 Ra7 18. Na4 Be5 19. Be3 Bh2+ 20. Kxh2 Ne5 21. Qb6
Rxb6 22. axb6 Nxf3+ 23. gxf3 Rb7 24. Kg2 f5 25. exf5 gxf5 26. Rae1 Qh4 27. Nc3
Kf8 28. Bc1 Rxb6 29. Re6 Nf6 30. Rfe1 Rb7 31. R1e2 Rg7+ 32. Kh2 Rg6 33. Rxd6
Ng4+ 34. fxg4 Rxd6 35. gxf5 Rf6 36. Be3 Qc4 37. Rd2 Rd6 38. Kg3 Kf7 39. Bf4 Rd8
40. d6 Rg8+ 41. Kf3 Qf1 42. d7 Qxh3+ 43. Ke4 Qh4 44. Kf3 Rd8 45. Bc7 Qh3+ 46.
Ke2 Qg4+ 47. Ke1 Qg1+ 48. Ke2 Qg4+ 49. Ke1 Qg1+ 50. Ke2 1/2-1/2

[Event "2. Magistral Gráfica Yael-Torre Blanca"]
[Site "Buenos Aires ARG"]
[Date "2011.07.23"]
[Round "1.5"]
[White "Perez Ponsa, Federico"]
[Black "Valdes Escobar, Alvaro"]
[Result "1-0"]
[WhiteElo "2467"]
[BlackElo "2414"]
[PlyCount "83"]
[EventDate "2011.07.23"]
[EventType "tourn"]
[EventRounds "1"]
[EventCountry "ARG"]
[EventCategory "8"]
[Source "lmi"]
[SourceDate "2011.07.24"]

1. e4 c5 2. Nf3 d6 3. d4 cxd4 4. Nxd4 Nf6 5. Nc3 Nc6 6. Bg5 e6 7. Qd2 a6 8.
O-O-O h6 9. Nxc6 bxc6 10. Bf4 d5 11. Qe3 Be7 12. Be2 O-O 13. h4 Nh7 14. Qg3 Kh8
15. Bc7 Qe8 16. Rhe1 a5 17. exd5 cxd5 18. Bb5 Bd7 19. Bd3 Bc6 20. f4 Qc8 21.
Be5 Rg8 22. Bd4 Qb7 23. Rxe6 Bf6 24. Bxh7 fxe6 25. Bxg8 Bxd4 26. Rxd4 Rxg8 27.
Qe3 Rb8 28. b3 Qe7 29. Kb2 Qf6 30. g3 Rb4 31. Ne2 Bb5 32. a3 Rxd4 33. Nxd4 Bd7
34. Qe5 Kh7 35. Nf3 Be8 36. Qc3 Qxc3+ 37. Kxc3 Kg6 38. Kd4 Kf5 39. Ne5 g5 40.
fxg5 hxg5 41. g4+ Kf4 42. h5 1-0

[Event "2. Magistral Gráfica Yael-Torre Blanca"]
[Site "Buenos Aires ARG"]
[Date "2011.07.24"]
[Round "2.2"]
[White "Mayorga, Nicolas"]
[Black "Perez Ponsa, Federico"]
[Result "0-1"]
[WhiteElo "2330"]
[BlackElo "2467"]
[PlyCount "108"]
[EventDate "2011.07.23"]
[EventType "tourn"]
[EventRounds "1"]
[EventCountry "ARG"]
[EventCategory "8"]
[Source "lmi"]
[SourceDate "2011.07.24"]

1. e4 c5 2. Nf3 d6 3. d4 cxd4 4. Nxd4 Nf6 5. Nc3 a6 6. h3 e6 7. g4 Be7 8. Bg2
Nfd7 9. Be3 Nc6 10. Qe2 O-O 11. O-O Nxd4 12. Bxd4 b5 13. e5 d5 14. f4 b4 15.
Na4 a5 16. Qe3 Ba6 17. Rf2 Rb8 18. Bf1 Bb7 19. b3 Bc6 20. Nb2 Re8 21. g5 Qc7
22. Bd3 Bb7 23. Na4 Bc6 24. f5 Bxa4 25. bxa4 Bc5 26. g6 fxg6 27. fxg6 Bxd4 28.
gxh7+ Kh8 29. Qxd4 Qxe5 30. Qxe5 Nxe5 31. Bb5 Rf8 32. Raf1 Rxf2 33. Rxf2 Kxh7
34. Kg2 Kg6 35. Kg3 Rc8 36. Re2 Kf6 37. Rf2+ Ke7 38. Rg2 Rc3+ 39. Kh4 g6 40.
Bd3 Nxd3 41. cxd3 Rxd3 42. Rxg6 Ra3 43. Rg2 Kf6 44. Rf2+ Ke5 45. Re2+ Kf5 46.
Rf2+ Ke4 47. Kg4 d4 48. h4 d3 49. h5 Rc3 50. h6 Rc8 51. Rf4+ Ke3 52. Rf6 d2 53.
Rxe6+ Kd3 54. Rd6+ Kc2 0-1

[Event "2. Magistral Gráfica Yael-Torre Blanca"]
[Site "Buenos Aires ARG"]
[Date "2011.07.24"]
[Round "2.3"]
[White "Real De Azua, Ernesto"]
[Black "Sorin, Ariel"]
[Result "1-0"]
[WhiteElo "2438"]
[BlackElo "2465"]
[PlyCount "77"]
[EventDate "2011.07.23"]
[EventType "tourn"]
[EventRounds "1"]
[EventCountry "ARG"]
[EventCategory "8"]
[Source "lmi"]
[SourceDate "2011.07.24"]

1. d4 Nf6 2. c4 g6 3. Nc3 Bg7 4. e4 d6 5. Nf3 O-O 6. Be2 e5 7. Be3 exd4 8. Nxd4
Re8 9. f3 c6 10. Bf2 d5 11. exd5 cxd5 12. O-O Nc6 13. c5 Nh5 14. Qd2 Be5 15. g3
Bh3 16. Rfe1 Qd7 17. Ndb5 Nf6 18. Rad1 Rad8 19. Qh6 Be6 20. Qh4 Nh5 21. Nd6
Bxd6 22. cxd6 Qxd6 23. g4 Nf4 24. Ne4 dxe4 25. Rxd6 Rxd6 26. fxe4 Rd2 27. Bb5
Rxb2 28. Bxc6 bxc6 29. Bd4 Rg2+ 30. Kh1 Rxg4 31. Qf6 Kf8 32. Rb1 Bc8 33. Rd1
Nd5 34. exd5 Bf5 35. Qg7+ Ke7 36. Re1+ Be4+ 37. Rxe4+ Rxe4 38. Bc5+ Kd8 39.
Qf6+ 1-0

[Event "2. Magistral Gráfica Yael-Torre Blanca"]
[Site "Buenos Aires ARG"]
[Date "2011.07.24"]
[Round "2.4"]
[White "Del Rey, Diego"]
[Black "Labollita, Martin"]
[Result "0-1"]
[WhiteElo "2377"]
[BlackElo "2407"]
[PlyCount "110"]
[EventDate "2011.07.23"]
[EventType "tourn"]
[EventRounds "1"]
[EventCountry "ARG"]
[EventCategory "8"]
[Source "lmi"]
[SourceDate "2011.07.24"]

1. Nf3 d6 2. d4 f5 3. g3 Nf6 4. Bg2 g6 5. c3 Bg7 6. Qb3 Nc6 7. d5 Ne5 8. Nd4
O-O 9. O-O Kh8 10. Nd2 Qe8 11. N2f3 Nf7 12. a4 a6 13. a5 Ne4 14. Be3 c5 15. Ne6
Bxe6 16. dxe6 Nd8 17. Ng5 Nxg5 18. Bxg5 h6 19. Bd2 Qb5 20. Qxb5 axb5 21. Bd5
Ra7 22. e4 fxe4 23. Rfe1 Rf6 24. b4 Nxe6 25. Rac1 Ng5 26. Bxg5 hxg5 27. Bxe4
Re6 28. Kf1 Kh7 29. Bd5 Rxe1+ 30. Kxe1 e6 31. Bf3 d5 32. Kd2 Bf8 33. Rb1 cxb4
34. cxb4 b6 35. axb6 Rb7 36. Be2 Rxb6 37. Kc3 Bg7+ 38. Kb3 Bd4 39. f4 gxf4 40.
gxf4 Kg7 41. Bd3 Rb8 42. Re1 Kf6 43. Re2 Rh8 44. Bxb5 Rh3+ 45. Ka4 Be3 46. Ba6
Bxf4 47. Rxe6+ Kxe6 48. Bc8+ Ke5 49. Bxh3 Bxh2 50. Bg2 d4 51. Kb3 Kf4 52. Kc2
Ke3 53. Kd1 g5 54. Bh3 Kf3 55. Kd2 Bc7 0-1

[Event "2. Magistral Gráfica Yael-Torre Blanca"]
[Site "Buenos Aires ARG"]
[Date "2011.07.24"]
[Round "2.5"]
[White "Rodriguez Vila, Andres"]
[Black "Bachmann, Axel"]
[Result "1/2-1/2"]
[WhiteElo "2507"]
[BlackElo "2550"]
[PlyCount "22"]
[EventDate "2011.07.23"]
[EventType "tourn"]
[EventRounds "1"]
[EventCountry "ARG"]
[EventCategory "8"]
[Source "lmi"]
[SourceDate "2011.07.24"]

1. e4 e5 2. Nf3 Nf6 3. Nxe5 d6 4. Nf3 Nxe4 5. Qe2 Qe7 6. d3 Nf6 7. Bg5 Qxe2+ 8.
Bxe2 Be7 9. O-O O-O 10. Nc3 Nc6 11. Rfe1 Be6 1/2-1/2

[Event "2. Magistral Gráfica Yael-Torre Blanca"]
[Site "Buenos Aires ARG"]
[Date "2011.07.25"]
[Round "3.1"]
[White "Bachmann, Axel"]
[Black "Tristan, Leonardo"]
[Result "1-0"]
[WhiteElo "2550"]
[BlackElo "2450"]
[PlyCount "55"]
[EventDate "2011.07.23"]
[EventType "tourn"]
[EventRounds "1"]
[EventCountry "ARG"]
[EventCategory "8"]
[Source "lmi"]
[SourceDate "2011.07.24"]

1. Nf3 d6 2. d4 f5 3. g3 Nf6 4. Bg2 g6 5. O-O Bg7 6. c4 O-O 7. Nc3 Nc6 8. d5
Na5 9. b3 Ne4 10. Nxe4 Bxa1 11. Neg5 c5 12. e4 f4 13. Bxf4 Bg7 14. e5 h6 15. e6
hxg5 16. Nxg5 Rf6 17. Qg4 Qf8 18. Bd2 b6 19. Qh4 Bh6 20. Nf7 Bg7 21. Be4 Nb7
22. g4 Nd8 23. Nxd8 Qxd8 24. g5 Rxe6 25. dxe6 Bxe6 26. Bxg6 Qd7 27. Re1 Rb8 28.
Re4 1-0

[Event "2. Magistral Gráfica Yael-Torre Blanca"]
[Site "Buenos Aires ARG"]
[Date "2011.07.25"]
[Round "3.2"]
[White "Labollita, Martin"]
[Black "Rodriguez Vila, Andres"]
[Result "0-1"]
[WhiteElo "2407"]
[BlackElo "2507"]
[PlyCount "70"]
[EventDate "2011.07.23"]
[EventType "tourn"]
[EventRounds "1"]
[EventCountry "ARG"]
[EventCategory "8"]
[Source "lmi"]
[SourceDate "2011.07.24"]

1. f4 d5 2. Nf3 g6 3. g3 Bg7 4. Bg2 Nf6 5. d3 O-O 6. O-O Nc6 7. Qe1 Qd6 8. Kh1
Re8 9. Nc3 Qc5 10. e3 b5 11. a4 b4 12. Nb5 Qb6 13. h3 Ba6 14. g4 Bxb5 15. axb5
Qxb5 16. e4 dxe4 17. dxe4 e5 18. f5 Qc4 19. Qh4 Nxe4 20. Bh6 Bxh6 21. Qxh6 Ng3+
22. Kg1 Qc5+ 23. Kh2 Nxf1+ 24. Rxf1 Qf8 25. Qh4 Ne7 26. Ng5 h6 27. Ne6 g5 28.
Qe1 fxe6 29. fxe6 Qg7 30. Rf7 Qg6 31. Qxe5 Rad8 32. Be4 Nc6 33. Bxc6 Rxe6 34.
Rg7+ Qxg7 35. Qxe6+ Qf7 0-1

[Event "2. Magistral Gráfica Yael-Torre Blanca"]
[Site "Buenos Aires ARG"]
[Date "2011.07.25"]
[Round "3.3"]
[White "Sorin, Ariel"]
[Black "Del Rey, Diego"]
[Result "0-1"]
[WhiteElo "2465"]
[BlackElo "2377"]
[PlyCount "70"]
[EventDate "2011.07.23"]
[EventType "tourn"]
[EventRounds "1"]
[EventCountry "ARG"]
[EventCategory "8"]
[Source "lmi"]
[SourceDate "2011.07.24"]

1. d4 Nf6 2. c4 e6 3. Nf3 c5 4. d5 exd5 5. cxd5 Bd6 6. Nc3 Bc7 7. g3 d6 8. Bg2
O-O 9. O-O a6 10. a4 Re8 11. Nd2 Nbd7 12. Nc4 Ne5 13. Ne3 Rb8 14. h3 b5 15.
axb5 axb5 16. b4 cxb4 17. Na2 Ra8 18. Bd2 Nc4 19. Nxc4 bxc4 20. Bxb4 Ba5 21.
Bxa5 Rxa5 22. Nc3 Bf5 23. Qd4 Qa8 24. Nb5 Rxa1 25. Rxa1 Qb8 26. Qxc4 Rc8 27.
Qf4 Qxb5 28. Qxf5 Re8 29. e4 Qb2 30. Re1 h5 31. Bf3 Qc3 32. Kf1 Re5 33. Qf4
Nxd5 34. exd5 Rxe1+ 35. Kg2 Qb3 0-1

[Event "2. Magistral Gráfica Yael-Torre Blanca"]
[Site "Buenos Aires ARG"]
[Date "2011.07.25"]
[Round "3.5"]
[White "Valdes Escobar, Alvaro"]
[Black "Mayorga, Nicolas"]
[Result "1/2-1/2"]
[WhiteElo "2414"]
[BlackElo "2330"]
[PlyCount "104"]
[EventDate "2011.07.23"]
[EventType "tourn"]
[EventRounds "1"]
[EventCountry "ARG"]
[EventCategory "8"]
[Source "lmi"]
[SourceDate "2011.07.24"]

1. Nf3 c5 2. c4 Nf6 3. Nc3 e6 4. g3 b6 5. Bg2 Bb7 6. O-O Be7 7. d4 cxd4 8. Qxd4
d6 9. b3 Nbd7 10. Bb2 a6 11. e4 Qc7 12. Rac1 O-O 13. h3 Rac8 14. Rfe1 Rfd8 15.
Qd2 Bf8 16. Nd4 Qb8 17. Kh2 Re8 18. Rcd1 Ne5 19. f4 Ng6 20. Nf3 h5 21. f5 Ne5
22. fxe6 Rxe6 23. Nd5 Nfd7 24. Nxe5 dxe5 25. h4 Bc6 26. Bh3 Ree8 27. Qg5 Bxd5
28. Bxd7 Bc6 29. Bxc8 Qxc8 30. Bxe5 Qg4 31. Qxg4 hxg4 32. Bd6 Bxe4 33. Bxf8
Kxf8 34. Kg1 f5 35. Kf2 Ke7 36. Ke3 Ke6 37. Kf4 Rc8 38. Rd4 Rc6 39. b4 Kf6 40.
Rdxe4 fxe4 41. Rxe4 Rd6 42. c5 Rc6 43. cxb6 Rxb6 44. Kxg4 Rc6 45. a4 Rc3 46.
Kf4 Ra3 47. a5 Rb3 48. g4 Rb1 49. g5+ Kg6 50. Ke5 Kh5 51. Kd5 g6 52. Kc5 Rxb4
1/2-1/2

[Event "2. Magistral Gráfica Yael-Torre Blanca"]
[Site "Buenos Aires ARG"]
[Date "2011.07.26"]
[Round "4.1"]
[White "Tristan, Leonardo"]
[Black "Mayorga, Nicolas"]
[Result "1-0"]
[WhiteElo "2450"]
[BlackElo "2330"]
[PlyCount "123"]
[EventDate "2011.07.23"]
[EventType "tourn"]
[EventRounds "1"]
[EventCountry "ARG"]
[EventCategory "8"]
[Source "lmi"]
[SourceDate "2011.07.24"]

1. e4 c6 2. d4 d5 3. Nc3 dxe4 4. Nxe4 Nd7 5. Nf3 Ngf6 6. Ng3 e6 7. Bd3 c5 8.
O-O cxd4 9. Nxd4 Bc5 10. Nb3 Be7 11. Nh5 Nxh5 12. Qxh5 Nf6 13. Qb5+ Qd7 14. Nc5
Qxb5 15. Bxb5+ Kf8 16. Nb3 Bd7 17. Be2 Rc8 18. c4 h5 19. Be3 b6 20. Rfd1 Ba4
21. h3 Ne4 22. Rac1 Bf6 23. c5 Bxb2 24. cxb6 Bxc1 25. b7 Rb8 26. Rxc1 Rxb7 27.
Bf3 Rb4 28. Bxe4 Rxe4 29. Rc8+ Be8 30. Bc5+ Kg8 31. Rxe8+ Kh7 32. Re7 Kg6 33.
Rxa7 Re1+ 34. Kh2 h4 35. Be3 e5 36. Nd2 Ra1 37. a4 f5 38. Nf3 Re8 39. Nxh4+ Kf6
40. f4 Ra3 41. Ra6+ Re6 42. fxe5+ Kxe5 43. Ra5+ Ke4 44. Nxf5 Rf6 45. Bc1 Ra2
46. Ng3+ Kd3 47. Rd5+ Kc4 48. Rg5 g6 49. Rg4+ Kb3 50. Ne4 Rc6 51. Be3 Re2 52.
Bg1 Ra2 53. Nc5+ Kc3 54. Bd4+ Kd2 55. a5 Ke1 56. Re4+ Kd1 57. a6 Rd6 58. Rf4
Ra3 59. Bg1 Ke1 60. a7 Rd8 61. Ne6 Rd2 62. Bc5 1-0

[Event "2. Magistral Gráfica Yael-Torre Blanca"]
[Site "Buenos Aires ARG"]
[Date "2011.07.26"]
[Round "4.2"]
[White "Real De Azua, Ernesto"]
[Black "Valdes Escobar, Alvaro"]
[Result "1-0"]
[WhiteElo "2438"]
[BlackElo "2414"]
[PlyCount "83"]
[EventDate "2011.07.23"]
[EventType "tourn"]
[EventRounds "1"]
[EventCountry "ARG"]
[EventCategory "8"]
[Source "lmi"]
[SourceDate "2011.07.24"]

1. d4 Nf6 2. c4 e6 3. Nc3 Bb4 4. e3 O-O 5. Bd3 c5 6. Nf3 d5 7. O-O dxc4 8. Bxc4
Nbd7 9. Qe2 cxd4 10. exd4 a6 11. Bd3 b6 12. a3 Be7 13. Bg5 Bb7 14. Rad1 Nd5 15.
Qe4 g6 16. Qh4 Bxg5 17. Nxg5 h5 18. Qg3 Qf6 19. Nce4 Qf4 20. Nd6 Bc6 21. Rc1
Ba4 22. Ngxf7 Rxf7 23. Qxg6+ Kf8 24. Qxe6 Ne7 25. Nxf7 Qxf7 26. Qh6+ Qg7 27.
Qxh5 Bc6 28. Qh3 Nf6 29. Rfe1 Bd7 30. Qf3 Rd8 31. Re5 Bg4 32. Qf4 Ned5 33. Qd2
a5 34. Rg5 Qd7 35. Rg6 Be6 36. Qh6+ Ke7 37. Re1 Rf8 38. Bf5 Nc7 39. Rg7+ Rf7
40. Rxf7+ Kxf7 41. Qg6+ Ke7 42. Qg7+ 1-0

[Event "2. Magistral Gráfica Yael-Torre Blanca"]
[Site "Buenos Aires ARG"]
[Date "2011.07.26"]
[Round "4.3"]
[White "Del Rey, Diego"]
[Black "Perez Ponsa, Federico"]
[Result "1/2-1/2"]
[WhiteElo "2377"]
[BlackElo "2467"]
[PlyCount "49"]
[EventDate "2011.07.23"]
[EventType "tourn"]
[EventRounds "1"]
[EventCountry "ARG"]
[EventCategory "8"]
[Source "lmi"]
[SourceDate "2011.07.24"]

1. Nf3 Nf6 2. d4 g6 3. c4 Bg7 4. Nc3 d6 5. e4 O-O 6. h3 e5 7. dxe5 dxe5 8. Qxd8
Rxd8 9. Bg5 Re8 10. Nd5 Nxd5 11. cxd5 c6 12. Bc4 cxd5 13. Bxd5 Nd7 14. O-O-O h6
15. Bh4 g5 16. Bg3 Nb6 17. Bb3 a5 18. Rd6 Nd7 19. Ba4 Re7 20. Rhd1 Nc5 21. Rd8+
Kh7 22. Bc2 Ne6 23. R8d6 f6 24. Kb1 a4 25. Rb6 1/2-1/2

[Event "2. Magistral Gráfica Yael-Torre Blanca"]
[Site "Buenos Aires ARG"]
[Date "2011.07.26"]
[Round "4.5"]
[White "Bachmann, Axel"]
[Black "Labollita, Martin"]
[Result "0-1"]
[WhiteElo "2550"]
[BlackElo "2407"]
[PlyCount "101"]
[EventDate "2011.07.23"]
[EventType "tourn"]
[EventRounds "1"]
[EventCountry "ARG"]
[EventCategory "8"]
[Source "lmi"]
[SourceDate "2011.07.24"]

1. Nf3 d6 2. d4 Bg4 3. e4 Nf6 4. Nc3 e6 5. h3 Bh5 6. Bd3 d5 7. exd5 Nxd5 8. Ne4
Nd7 9. Bd2 c6 10. O-O Be7 11. c4 N5f6 12. Ng3 Bg6 13. Bxg6 hxg6 14. Bc3 O-O 15.
Qe2 Qc7 16. Rad1 Rfe8 17. b3 b5 18. h4 bxc4 19. bxc4 Qf4 20. Rfe1 c5 21. Bd2
Qg4 22. Bg5 Bd6 23. Nf1 Rac8 24. Ne3 Qe4 25. d5 Nb6 26. Qf1 Bf8 27. dxe6 Qxe6
28. Nd5 Qf5 29. Ne3 Qe6 30. Nd5 Qf5 31. Bxf6 gxf6 32. Rxe8 Rxe8 33. Qd3 Kg7 34.
Qxf5 gxf5 35. Ne3 f4 36. Nf5+ Kg6 37. g4 fxg3 38. Nxg3 f5 39. Kf1 Nxc4 40. Rd5
f4 41. Rg5+ Kh7 42. Nh5 Be7 43. Rg4 Nd6 44. Rxf4 c4 45. Nd4 c3 46. Rf3 Ne4 47.
Re3 f5 48. Ng3 Bc5 49. Ngxf5 c2 50. Nxc2 Bxe3 51. fxe3 0-1

[Event "2. Magistral Gráfica Yael-Torre Blanca"]
[Site "Buenos Aires ARG"]
[Date "2011.07.27"]
[Round "5.1"]
[White "Labollita, Martin"]
[Black "Tristan, Leonardo"]
[Result "1/2-1/2"]
[WhiteElo "2407"]
[BlackElo "2450"]
[PlyCount "33"]
[EventDate "2011.07.23"]
[EventType "tourn"]
[EventRounds "1"]
[EventCountry "ARG"]
[EventCategory "8"]
[Source "lmi"]
[SourceDate "2011.07.24"]

1. d4 d6 2. e4 Nf6 3. Nc3 g6 4. Bg5 Bg7 5. Qd2 h6 6. Bh4 g5 7. Bg3 Nh5 8. O-O-O
Nc6 9. Qe3 e6 10. e5 d5 11. Nge2 Bd7 12. Qf3 Nxg3 13. Nxg3 f5 14. h4 g4 15. Qe3
h5 16. f4 Ne7 17. Bd3 1/2-1/2

[Event "2. Magistral Gráfica Yael-Torre Blanca"]
[Site "Buenos Aires ARG"]
[Date "2011.07.27"]
[Round "5.2"]
[White "Sorin, Ariel"]
[Black "Bachmann, Axel"]
[Result "0-1"]
[WhiteElo "2465"]
[BlackElo "2550"]
[PlyCount "66"]
[EventDate "2011.07.23"]
[EventType "tourn"]
[EventRounds "1"]
[EventCountry "ARG"]
[EventCategory "8"]
[Source "lmi"]
[SourceDate "2011.07.24"]

1. d4 Nf6 2. c4 g6 3. Nc3 Bg7 4. e4 d6 5. Be2 O-O 6. Bg5 a6 7. Qd2 Nbd7 8. f4
c5 9. d5 b5 10. cxb5 axb5 11. Bxb5 Qa5 12. Nge2 Nxe4 13. Nxe4 Qxb5 14. N2c3 Qa6
15. Qe2 Qxe2+ 16. Kxe2 f5 17. Nf2 h6 18. Bh4 Nb6 19. Nfd1 Bb7 20. Re1 Nxd5 21.
Nxd5 Bxd5 22. Ne3 Bxa2 23. Bxe7 Rfe8 24. Bxd6 Bxb2 25. Rad1 Bd4 26. Kf2 Bb3 27.
Rd3 Ra2+ 28. Kg3 Bc4 29. Nxc4 Rxe1 30. Be5 Re4 31. Kf3 g5 32. Nd2 g4+ 33. Kg3
Re3+ 0-1

[Event "2. Magistral Gráfica Yael-Torre Blanca"]
[Site "Buenos Aires ARG"]
[Date "2011.07.27"]
[Round "5.3"]
[White "Perez Ponsa, Federico"]
[Black "Rodriguez Vila, Andres"]
[Result "1/2-1/2"]
[WhiteElo "2467"]
[BlackElo "2507"]
[PlyCount "61"]
[EventDate "2011.07.23"]
[EventType "tourn"]
[EventRounds "1"]
[EventCountry "ARG"]
[EventCategory "8"]
[Source "lmi"]
[SourceDate "2011.07.24"]

1. e4 e6 2. d4 d5 3. Nc3 Bb4 4. e5 c5 5. a3 Bxc3+ 6. bxc3 Qa5 7. Bd2 Qa4 8. Qg4
g6 9. Qd1 b6 10. Nf3 Nd7 11. Qb1 Ba6 12. Qb3 Qxb3 13. cxb3 Bxf1 14. Rxf1 Ne7
15. Ke2 O-O 16. Rfc1 Rac8 17. a4 Rc7 18. b4 Rfc8 19. dxc5 bxc5 20. b5 Nb6 21.
Bg5 Rd7 22. Nd2 Kf8 23. Rd1 Rb7 24. g4 Ng8 25. Bh4 Kg7 26. f4 f6 27. Bg3 fxe5
28. fxe5 Nh6 29. h3 Nf7 30. Rf1 Nd7 31. Nf3 1/2-1/2

[Event "2. Magistral Gráfica Yael-Torre Blanca"]
[Site "Buenos Aires ARG"]
[Date "2011.07.27"]
[Round "5.4"]
[White "Valdes Escobar, Alvaro"]
[Black "Del Rey, Diego"]
[Result "1/2-1/2"]
[WhiteElo "2414"]
[BlackElo "2377"]
[PlyCount "22"]
[EventDate "2011.07.23"]
[EventType "tourn"]
[EventRounds "1"]
[EventCountry "ARG"]
[EventCategory "8"]
[Source "lmi"]
[SourceDate "2011.07.24"]

1. Nf3 Nf6 2. c4 g6 3. g3 Bg7 4. Bg2 O-O 5. O-O d6 6. d4 c6 7. Nc3 Bf5 8. Nh4
Be6 9. d5 cxd5 10. cxd5 Bd7 11. Be3 Na6 1/2-1/2

[Event "2. Magistral Gráfica Yael-Torre Blanca"]
[Site "Buenos Aires ARG"]
[Date "2011.07.27"]
[Round "5.5"]
[White "Mayorga, Nicolas"]
[Black "Real De Azua, Ernesto"]
[Result "0-1"]
[WhiteElo "2330"]
[BlackElo "2438"]
[PlyCount "85"]
[EventDate "2011.07.23"]
[EventType "tourn"]
[EventRounds "1"]
[EventCountry "ARG"]
[EventCategory "8"]
[Source "lmi"]
[SourceDate "2011.07.24"]

1. e4 e5 2. Nf3 Nc6 3. Bb5 a6 4. Ba4 Nf6 5. O-O Be7 6. Re1 b5 7. Bb3 d6 8. c3
O-O 9. h3 Nb8 10. d4 Nbd7 11. Nbd2 Bb7 12. d5 c6 13. c4 Nc5 14. dxc6 Bxc6 15.
cxb5 Nxb3 16. Nxb3 axb5 17. Qd3 Ra4 18. Nbd2 Qa8 19. b3 Rxa2 20. Rxa2 Qxa2 21.
Nf1 Nd7 22. Qc3 Qa8 23. Ng3 Rc8 24. Qe3 Bf8 25. Nh4 Nc5 26. Nhf5 Bxe4 27. Qg5
Bxf5 28. Nxf5 Kh8 29. Rd1 d5 30. Bb2 d4 31. Rc1 Nd3 32. Ra1 Qb7 33. Bc1 f6 34.
Qd2 Qe4 35. Ng3 Qg6 36. Ba3 b4 37. Bb2 h6 38. Rd1 Nxb2 39. Qxb2 d3 40. Qd2 Rc3
41. h4 Bc5 42. Nh1 Kh7 43. Qxh6+ 0-1

[Event "2. Magistral Gráfica Yael-Torre Blanca"]
[Site "Buenos Aires ARG"]
[Date "2011.07.28"]
[Round "6.1"]
[White "Tristan, Leonardo"]
[Black "Real De Azua, Ernesto"]
[Result "1-0"]
[WhiteElo "2450"]
[BlackElo "2438"]
[PlyCount "95"]
[EventDate "2011.07.23"]
[EventType "tourn"]
[EventRounds "1"]
[EventCountry "ARG"]
[EventCategory "8"]
[Source "lmi"]
[SourceDate "2011.07.24"]

1. e4 c6 2. d4 d5 3. Nc3 dxe4 4. Nxe4 Bf5 5. Ng3 Bg6 6. h4 h6 7. h5 Bh7 8. Nf3
Nd7 9. Bd3 Bxd3 10. Qxd3 e6 11. Bd2 Ngf6 12. O-O-O Be7 13. Qe2 Rc8 14. Rhe1 O-O
15. Ne5 c5 16. Ng6 cxd4 17. Nxf8 Bxf8 18. Bf4 Bb4 19. Bd2 Nd5 20. Kb1 Qb6 21.
Bxb4 Qxb4 22. Qd2 Qb6 23. Ne2 e5 24. Qd3 Nc5 25. Qf5 Rd8 26. Qxe5 Na4 27. b3
Nac3+ 28. Kb2 Qa5 29. a3 Nxd1+ 30. Rxd1 Rc8 31. Qxd4 Nf6 32. g4 a6 33. f3 Qc7
34. Rd2 Qc6 35. Qd3 Qc5 36. Nd4 Rd8 37. Qc3 Qd6 38. Rd3 Qe5 39. Nf5 Qxc3+ 40.
Kxc3 Rc8+ 41. Kb2 Kh7 42. Rd6 Rc7 43. c4 Nd7 44. Ne3 Nc5 45. b4 Ne6 46. c5 Ng5
47. Nd5 Rc8 48. Rd7 1-0

[Event "2. Magistral Gráfica Yael-Torre Blanca"]
[Site "Buenos Aires ARG"]
[Date "2011.07.28"]
[Round "6.3"]
[White "Rodriguez Vila, Andres"]
[Black "Valdes Escobar, Alvaro"]
[Result "1-0"]
[WhiteElo "2507"]
[BlackElo "2414"]
[PlyCount "49"]
[EventDate "2011.07.23"]
[EventType "tourn"]
[EventRounds "1"]
[EventCountry "ARG"]
[EventCategory "8"]
[Source "lmi"]
[SourceDate "2011.07.24"]

1. e4 c5 2. Nf3 d6 3. d4 cxd4 4. Nxd4 Nf6 5. f3 e5 6. Bb5+ Nbd7 7. Nf5 d5 8.
exd5 a6 9. Ba4 b5 10. Bb3 Nb6 11. Ne3 Bb7 12. Nc3 Bb4 13. O-O O-O 14. Qd3 Bxc3
15. Qxc3 Re8 16. Rd1 Rc8 17. Qd3 Rc5 18. Bd2 Nbxd5 19. Nxd5 Nxd5 20. Be3 Qc7
21. Bxc5 Qxc5+ 22. Kh1 Nf4 23. Qd7 Bc6 24. Bxf7+ Kh8 25. Qd6 1-0